| 000 | 01130nam a2200373 c 4500 | ||
|---|---|---|---|
| 001 | 47757 | ||
| 003 | ES-MaCES | ||
| 005 | 20170425130314.0 | ||
| 008 | 160610s2016 sp 000 | spa d | ||
| 017 |
_aB 43308-2016 _bDL |
||
| 020 | _a9788498887129 | ||
| 040 |
_aES-MaCES _bspa _cES-MaCES |
||
| 100 | 1 |
_936728 _aPisarello Prados, Gerardo |
|
| 245 | 1 | 3 |
_aUn plan para Europa _cGerardo Pisarello y Yanis Varoufakis |
| 250 | _a1ª ed | ||
| 260 |
_aBarcelona _bIcaria _c2016 |
||
| 300 |
_a99 p. _c22 cm |
||
| 490 | 1 |
_aIcaria más madera _v125 |
|
| 541 | _cCompra | ||
| 650 | 4 |
_aEuropa _926940 |
|
| 650 | 4 |
_adesarrollo político _929225 |
|
| 650 | 4 |
_ademocracia _927175 |
|
| 650 | 4 |
_adesarrollo sostenible _930785 |
|
| 650 | 4 |
_adesarrollo económico y social _929234 |
|
| 650 | 4 |
_aparticipación popular _929756 |
|
| 650 | 4 |
_amovimiento social _927313 |
|
| 650 | 4 |
_aideología política _927239 |
|
| 650 | 4 |
_aplan de acción _930406 |
|
| 653 | 1 | 0 | _aCiencias Sociales-Políticas |
| 700 | 1 |
_935837 _aVaroufakis, Yanis |
|
| 830 | 0 |
_aIcaria más madera _v125 _933624 |
|
| 902 | _aLIB Libro | ||
| 942 |
_2CES _cBK _h7.0. |
||
| 999 |
_c47757 _d47757 |
||